00759 2200229 4500001002100000005001700021008004100038035002400079040001200103082001500115090002200130100002900152245013900181260006900320300002300389500003100412650001200443700001800455700002900473850001200502990001500514YOGYA-0209000001655720090227022648.0 ind  0010-020900000016557 aYOPDYOG a398.209598 a398.209598bSep M aSEPTININGSIH, Lustantini aMemahami cerita anak-anakbstudi kasus majalah Bobo, Ananda dan AmanahcLustantini Septiningsih, Lukman Hakim, Nurweni Saptawuryandari aJakartabPusat Pembinaan dan Pengembangan Bahasa Depdikbudc1998 aix, 353 hlmc21 cm aBibliografi : hlm. 344-353 aDongeng aHAKIM, Lukman aSAPTAWURYANDARI, Nurweni aYOPDYOG a99A0032228